| 000 | 00542nam a22001817a 4500 | ||
|---|---|---|---|
| 005 | 20251027175031.0 | ||
| 008 | 251027b ||||||| |||| 00| 0 eng d | ||
| 020 | _a9780323028394 | ||
| 050 | _aRT51 PER | ||
| 100 | _aPerry, Anne Griffin | ||
| 245 |
_aClinical Nursing Skills & Techniques _cAnne Griffin Perry & Patricia A. Potter |
||
| 250 | _a6th ed. | ||
| 260 |
_aSt. Louis _bElsevier Mosby _c2006 |
||
| 300 |
_axxxii. 1611p. _bill. color _c28cm |
||
| 500 | _aincludes index | ||
| 700 | _aPotter, Patricia A. | ||
| 942 |
_2lcc _cBK _e6th ed. _n0 |
||
| 999 |
_c7827 _d7827 |
||